| 000 | 00000cas 2200000zi 4500 |
| 001 | 9.962855 |
| 003 | CaOODSP |
| 005 | 20260526101542 |
| 006 | m o d f |
| 007 | cr cn |||||||| |
| 008 | 260515d19911992nkcqx p o f0### 0eng|d |
| 022 | |y1187-2950 |
| 040 | |aCaOODSP|beng|erda|cCaOODSP |
| 043 | |an-cn-nk|an-cn-pi |
| 086 | 1 |aIu2-8E-PDF |
| 245 | 00|aISTC New Brunswick/Prince Edward Island : |ba publication of Industry, Science and Technology Canada. |
| 246 | 3 |aIndustry, Science and Technology Canada New Brunswick/Prince Edward Island |
| 264 | 1|aMoncton, N.B. : |bIndustry, Science and Technology Canada = Industrie, sciences et technologie Canada, |c[1991-1992] |
| 310 | |aFive times a year |
| 336 | |atext|btxt|2rdacontent |
| 337 | |acomputer|bc|2rdamedia |
| 338 | |aonline resource|bcr|2rdacarrier |
| 362 | 1 |aBegan with: Vol. 3, no. 1 (September 1991); ceased with: Vol. 5, no. 2 (April 1992). |
| 500 | |aIssued also in French under title: ISTC Nouveau-Brunswick/Île-du-Prince-Édouard. |
| 500 | |aDigitized publication from print [produced by Innovation, Science and Economic Development Canada]. |
| 588 | |aDescription based on: Vol. 3, no. 1 (September 1991); title from PDF caption. |
| 588 | |aLatest issue consulted: Vol. 5, no. 2 (April 1992). |
| 610 | 10|aCanada. |bIndustry, Science and Technology Canada|vPeriodicals. |
| 650 | 0|aBusiness enterprises|zNew Brunswick|vPeriodicals. |
| 650 | 0|aBusiness enterprises|zPrince Edward Island|vPeriodicals. |
| 655 | 7|aPeriodicals|2lcgft |
| 710 | 1 |aCanada. |bIndustry, Science and Technology Canada, |eissuing body. |
| 775 | 08|tISTC Nouveau-Brunswick/Île-du-Prince-Édouard : |w(CaOODSP)9.962854 |
| 780 | 00|tISTC New Brunswick : |w(CaOODSP)9.962835 |